Jesienna Szkola Organizacji i Zarzadzania w Madralinie.
Cieľ Jesennej školy v Madraline. Moderné smery vo vede, organizácii a riadení. Projekt zmien tohto vzdelávania. Vedecká a vedeckovýskumná politika. Stav vedy o organizáciách vo svete. Predloženie a odmeňovanie doktorských prác. Organizácia ďalšej školy.
Uložené v:
| Hlavný autor: | |
|---|---|
| Médium: | Kapitola |
| Jazyk: | Polish |
| Predmet: | |
| Tagy: |
Žiadne tagy, Buďte prvý, kto otaguje tento záznam!
|
MARC
| LEADER | 00000naa a2200000 4500 | ||
|---|---|---|---|
| 001 | r008018 | ||
| 005 | 20221125122456.1 | ||
| 041 | 0 | |a pol | |
| 044 | |a PL | ||
| 245 | 1 | 0 | |a Jesienna Szkola Organizacji i Zarzadzania w Madralinie. |c Z. Zbichorski |
| 520 | |a Cieľ Jesennej školy v Madraline. Moderné smery vo vede, organizácii a riadení. Projekt zmien tohto vzdelávania. Vedecká a vedeckovýskumná politika. Stav vedy o organizáciách vo svete. Predloženie a odmeňovanie doktorských prác. Organizácia ďalšej školy. | ||
| 610 | 2 | 0 | |a vzdelávanie |
| 610 | 2 | 0 | |a organizácia |
| 610 | 2 | 0 | |a riadenie |
| 610 | 2 | 0 | |a veda |
| 610 | 2 | 0 | |a výskum |
| 610 | 2 | 0 | |a práca vedecká |
| 100 | 1 | |a Zbichorski, Z. | |